Landmark Cases of the US Supreme Court - Statistics

General Stats
  • This quiz has been taken 70 times
  • The average score is 15 of 22
Answer Stats
Hint Answer % Correct
Dred Scott v. Sandford {Slaves} are not citizens
96%
Schenck v. United States Free speech is not absolute in times of {war}
95%
Gibbons v. Ogden The {federal} government has power over interstate commerce
95%
Plessy v. Ferguson School {segregation} is constitutional
91%
Brown v. Board of Education School {segregation} is unconstitutional
89%
Roe v. Wade Prohibition of {abortion} is unconstitutional
88%
Marbury v. Madison The {Supreme Court} can invalidate laws
88%
Mapp v. Ohio {Illegally} obtained evidence is inadmissible
84%
Dobbs v. Jackson Women's Health Organization Prohibition of {abortion} is constitutional
81%
Texas v. Johnson Free speech protects {desecration} the Flag of the United States
77%
Korematsu v. United States {Internment} was constitutional
72%
Students for Fair Admissions v. Harvard Race-based affirmative action is {unconstitutional}
72%
McCulloch v. Maryland {Congress} can create a national bank
68%
Obergefell v. Hodges Prohibition of {same-sex marriage} is unconstitutional
65%
United States v. Nixon {Executive} privilege is not absolute
61%
Engel v. Vitale School {prayer} is unconstitutional
61%
Gideon v. Wainwright The right to {counsel} is absolute
54%
Miranda v. Arizona {Suspects} must be informed of their rights
53%
Tinker v. Des Moines School protest without substantial {disruption} is protected
39%
Regents of the U. of California v. Bakke Race-based affirmative action cannot include {quotas}
32%
New Jersey v. T.L.O. School {searches} are constitutional
23%
Hazelwood v. Kuhlmeier Free speech does not protect school {newspapers}
19%
No matching quizzes found
Score Distribution
Percent of People with Each Score
Percentile by Number Answered
Your Score History
You have not taken this quiz